00502nam a2200193 a 4500001001300000003000900013005001700022008004100039020001000080082001500090100001800105245003400123260004700157300000900204500003500213505003100248650001100279700001800290nice12345678IN_TiNIC20260116011915.0050524s1956 mysa grp 000 0 eng  ac2.100a223.2bCAR aCarleton, A P aHow Shall I Study the Psalms? aMysorebChristian Literature Societyc1956 a226p aincludes index and biblioraphy2 aIndex and Bible references aPsalms1 aCarleton, A P